<?xml version="1.0" encoding="UTF-8"?>
<record
    xmlns:xsi="http://www.w3.org/2001/XMLSchema-instance"
    xsi:schemaLocation="http://www.loc.gov/MARC21/slim http://www.loc.gov/standards/marcxml/schema/MARC21slim.xsd"
    xmlns="http://www.loc.gov/MARC21/slim">

  <leader>01938agaaa2200337   4500</leader>
  <controlfield tag="001">3412</controlfield>
  <controlfield tag="003">IT-RoPAU</controlfield>
  <controlfield tag="005">20220918181244.0</controlfield>
  <controlfield tag="007">d cvaizq</controlfield>
  <controlfield tag="008">50131s9999||||xx ||| |     ||   ||und||</controlfield>
  <datafield tag="040" ind1=" " ind2=" ">
    <subfield code="a">IT-RoPAU</subfield>
    <subfield code="c">IT-RoPAU</subfield>
  </datafield>
  <datafield tag="041" ind1=" " ind2=" ">
    <subfield code="a">ITALIANO</subfield>
  </datafield>
  <datafield tag="100" ind1=" " ind2=" ">
    <subfield code="a">Godard Jean-Luc</subfield>
    <subfield code="g">Codice regista SPICS: 5975</subfield>
    <subfield code="9">46531</subfield>
  </datafield>
  <datafield tag="130" ind1=" " ind2=" ">
    <subfield code="a">DISPREZZO (IL)</subfield>
    <subfield code="9">46532</subfield>
  </datafield>
  <datafield tag="240" ind1=" " ind2=" ">
    <subfield code="a">MEPRIS (LE)</subfield>
    <subfield code="g">T0472</subfield>
  </datafield>
  <datafield tag="245" ind1=" " ind2=" ">
    <subfield code="a">DISPREZZO (IL)</subfield>
    <subfield code="c">Prodotto da: Ponti Carlo -- Sceneggiatura: Godard Jean-Luc Tratto Dal Romanzo Omonimo Di Moravia Alberto -- Diretto da: Godard Jean-Luc</subfield>
    <subfield code="p">DISPREZZO (IL) (Rif. Codice opera principale : 63412)</subfield>
  </datafield>
  <datafield tag="246" ind1=" " ind2=" ">
    <subfield code="a">MEPRIS (LE)</subfield>
  </datafield>
  <datafield tag="250" ind1=" " ind2=" ">
    <subfield code="a">Edizione Standard</subfield>
  </datafield>
  <datafield tag="260" ind1=" " ind2=" ">
    <subfield code="a">ROMA - PARIGI (FRANCIA)</subfield>
    <subfield code="b">CHAMPION - LES FILMS CONCORDIA / Distribuzione: RETE QUATTRO</subfield>
    <subfield code="g">"1963 (1&#xB0; ed.: 1988 ; Ed. Lingua Orig.: 1963)"</subfield>
  </datafield>
  <datafield tag="300" ind1=" " ind2=" ">
    <subfield code="a">VHS</subfield>
    <subfield code="b">sonoro, col.</subfield>
    <subfield code="c">90 minuti</subfield>
  </datafield>
  <datafield tag="508" ind1=" " ind2=" ">
    <subfield code="a">"Fotografia: Coutard Raoul; Montaggio: Guillemot Agnes; Musica: Piccioni Piero; Sceneggiatura: Godard Jean-Luc Tratto Dal Romanzo Omonimo Di Moravia Alberto; "</subfield>
  </datafield>
  <datafield tag="511" ind1=" " ind2=" ">
    <subfield code="a">"Bardot Brigitte; Piccoli Michel; Lang Fritz; Palance Jack; Moll Georgia"</subfield>
  </datafield>
  <datafield tag="520" ind1=" " ind2=" ">
    <subfield code="a">UNO SCRITTORE DI GIALLI VIENE CHIAMATO DA UN PRODUTTORE AMERICANO PER SCENEGGIARE UN FILM SULL'ODISSEA IL PRODUTTORE NON NASCONDE LA CORTE ASSIDUA DICUI FA OGGETTO EMILIA LA GIOVANE MOGLIE DELLO SCRITTORE QUESTO PROVOCA LA ROTTURA DEFINITIVA FRA I DUE SPOSI EMILIA NEL TORNARE A ROMA IN COMPAGNIA DEL PRODUTTORE PERISCE MISERAMENTE IN UN INCIDENTE AUTOMOBILISTICO FILM DRAMMATICO A COLORI.</subfield>
  </datafield>
  <datafield tag="538" ind1=" " ind2=" ">
    <subfield code="a">PAL, STEREO</subfield>
  </datafield>
  <datafield tag="546" ind1=" " ind2=" ">
    <subfield code="a">ITALIANO</subfield>
  </datafield>
  <datafield tag="650" ind1=" " ind2=" ">
    <subfield code="a">DRAMMATICO</subfield>
    <subfield code="e">FILMS [VHS]</subfield>
    <subfield code="x">Codice MATERIA SPICS: 9960</subfield>
    <subfield code="9">34083</subfield>
  </datafield>
  <datafield tag="700" ind1=" " ind2=" ">
    <subfield code="a">Godard Jean-Luc </subfield>
    <subfield code="e">(regista)</subfield>
    <subfield code="g">Codice regista SPICS: 5975</subfield>
    <subfield code="9">46533</subfield>
  </datafield>
  <datafield tag="700" ind1=" " ind2=" ">
    <subfield code="a">Godard Jean-Luc </subfield>
    <subfield code="e">(soggetto)</subfield>
    <subfield code="g">Codice Soggetto SPICS: 5975</subfield>
    <subfield code="9">46534</subfield>
  </datafield>
  <datafield tag="700" ind1=" " ind2=" ">
    <subfield code="a">Piccioni Piero</subfield>
    <subfield code="e">(musica)</subfield>
    <subfield code="g">Codice Musica SPICS: 11072</subfield>
    <subfield code="9">46535</subfield>
  </datafield>
  <datafield tag="942" ind1=" " ind2=" ">
    <subfield code="c">VH</subfield>
    <subfield code="2">ddc</subfield>
  </datafield>
  <datafield tag="999" ind1=" " ind2=" ">
    <subfield code="c">106373</subfield>
    <subfield code="d">106373</subfield>
  </datafield>
  <datafield tag="952" ind1=" " ind2=" ">
    <subfield code="0">0</subfield>
    <subfield code="1">0</subfield>
    <subfield code="4">0</subfield>
    <subfield code="6">63412_000000000000000</subfield>
    <subfield code="7">1</subfield>
    <subfield code="a">SPICS</subfield>
    <subfield code="b">SPICS</subfield>
    <subfield code="d">2015-01-31</subfield>
    <subfield code="l">0</subfield>
    <subfield code="o">63412</subfield>
    <subfield code="r">2015-01-31 00:00:00</subfield>
    <subfield code="w">2015-01-31</subfield>
    <subfield code="y">VH</subfield>
    <subfield code="z">Progr. Ins.: 2292 / N.Vol.:1 / Copie: 2 / Pag.: / Copia rara: n.d. / date import: 1.2.2015 / By Epidotti, Trombetti, Vaglietti</subfield>
  </datafield>
</record>
